Постановление ГКО СССР № 5558 с об организации на Московском подшипниковом заводе № 1 им. Л. М. Кагановича Наркомата среднего ма...

RUSMARC
00005506cbm0a2200337#x 450
0017a000cab-53e1-4826-ba21-6999029486f5
00520251006142520.0
100##$a20251006j19440405k###0rusy50 ca
1010#$arus
102##$aRU
105##$ay###z########
1220#$ad19440405##
2001#$aПостановление ГКО СССР № 5558 с об организации на Московском подшипниковом заводе № 1 им. Л. М. Кагановича Наркомата среднего машиностроения цеха крупногабаритных мелкосерийных подшипников, с приложением ведомостей оборудования
$j5 апреля 1944 г.
251##$cДокумент
300##$aРассылочный и подлинный экземпляры
461#0$12001
$aФ. 644
$1251
$cФонд
$1852
$j644
462#0$12001
$aОп. 1
$1251
$cОпись
$1852
$j1
60101$2nlr_sh
$3RU\NLR\AUTH\6601614128
$aСССР
$bГосударственный Комитет Обороны
$xИстория
$z1941 - 1945
$jДокументы и материалы
60102$2prlib_sh
$3LIBNET\UAF\0000118335
$a"Московский подшипник", открытое акционерное общество
$xИстория
$jДокументы и материалы
605##$2prlib_sh
$3LIBNET\UAF\0000088514
$aВторая мировая война в архивных документах (Комплекс оцифрованных архивных документов, кино- и фотоматериалов)
$lколлекция
605##$2acquisition_Prlib
$3DITM\AF\0000002775
$aВласть
$lколлекция
6061#$2nlr_sh
$3RU\NLR\AUTH\661280795
$aВеликая Отечественная война
$z1941 - 1945
$xТыл(воен.)
$jДокументы и материалы
6061#$2nlr_sh
$3RU\NLR\AUTH\661323374
$aПромышленность
$xИстория
$yСССР
$z1941 - 1945
$jДокументы и материалы
686##$a63.3(2)622-2ю1
$vLBC/M
$2rubbk
686##$a65.03(2)622ю1
$vLBC/M
$2rubbk
686##$a65.305.49-03ю1
$vLBC/M
$2rubbk
801#0$aRU
$bПБ им. Б.Н. Ельцина
$c20251006
801#1$aRU
$bПБ им. Б.Н. Ельцина
$c20251006
$2rusmarc
801#2$aRU
$bПБ им. Б.Н. Ельцина
$c20251006
$2rusmarc
850##$aРоссийский государственный архив социально-политической истории
852##$aРГАСПИ
$jД. 225. Л. 188-192; Оп. 2. Д. 304. Л. 50-55
035##$aLIBNET\0001502710
937##$d197798904
$hФедеральное архивное агентство
8564#$uhttp://readingroom.main.prlib.ru/item.aspx?id_node=n197798904&mode=full
Формат отображения